| 000 | 00677nam a2200181 4500 | ||
|---|---|---|---|
| 999 |
_c16304 _d16304 |
||
| 008 | 211116b ||||| |||| 00| 0 eng d | ||
| 022 | _a0732-8435 | ||
| 082 | _aDPer 657.05 C33 Apr - Sept 2016, v86 n4-9 | ||
| 100 |
_aChung, Sung Gon. _943669 |
||
| 245 |
_aFair value accounting and reliability: _bthe problem with level 3 estimates/ _cSung Gon Chung, Cheol Lee and Santanu Mitra. |
||
| 260 |
_aNew York: _bThe New York State Society of CPA, _c©2016. |
||
| 300 |
_av86 n7, pages 60-63: _billustrations; _c28 cm. |
||
| 500 | _aThe CPA Journal | ||
| 650 |
_aAccounting. _943673 |
||
| 700 |
_aLee, C. _eAuthor. _943674 |
||
| 700 |
_aMitra, S. _eAuthor. _943675 |
||
| 942 |
_2ddc _cPER |
||